| 000 | 00804cam a22002415a 4500 | ||
|---|---|---|---|
| 001 | 13852966 | ||
| 005 | 20201128020842.0 | ||
| 008 | 050128t2008 enka frb 001 0 eng d | ||
| 020 | _a9780230201026 | ||
| 040 |
_aDLC _beng _cDLC _dDLC _dEG-ScBUE |
||
| 082 | 0 | 4 |
_a341.2422 _bMCC _222 |
| 100 | 1 |
_aMcCormick, John, _d1954- _92768 |
|
| 245 | 1 | 0 |
_aUnderstanding the European Union : _ba concise introduction / _cJohn McCormick. |
| 250 | _a4th ed. | ||
| 260 |
_aHampshire ; _aNew York : _bPalgrave Macmillan, _cc.2008 |
||
| 300 |
_axx, 239 p. : _bill. ; _c24 cm. |
||
| 490 | 0 | _aThe European Union Series. | |
| 504 | _aIncludes bibliographical references and index. | ||
| 610 | 2 | 7 |
_aEuropean Union. _98198 |
| 650 | 7 |
_aEuropean Union _98224 _2BUEsh |
|
| 653 |
_bLLAAWW _cJuly2016 _cFebruary2018 |
||
| 942 |
_2ddc _cBB |
||
| 999 |
_c14740 _d14740 |
||